00896nam a22002537a 450000500170000001000290001702000260004602000230007203500270009503700130012203700190013508200080015410000190016224500820018126000520026327000640031530000230037949000740040250000640047660000260054060000330056665000250059965000180062420111109102312.0 aENG-104066 B-459405-414 a9780198079514c345.00 a0198079516c345.00 aEN-87599 B-459405-414 bDBAD/PUB bAllied Pub/Ven a301 aBloch, Maurice aMarxism and anthropology :bthe history of a relationship /cby Maurice Bloch aNew DelhibOxford University Pressc2011(repr.) aYMCA Library Building, 1, Jai Singh RoadbNew Delhie110001 a180p. c20cm (pbk) aMarxist introductions ; edited by Raymond Williams [and] Steven Lukes aIncludes bibliographical references (p. 173-176) and index. aMarx, Karld1818-1883 aEngels, Friedrichd1820-1895 aMarxist anthropology aAnthropology.